[Event "Bogota Students-ch (Women) 22th"]
[Site "Bogota"]
[Date "2013.11.05"]
[Round "5"]
[White "Bracho Mendoza, Ana Isabel"]
[Black "Aldana, Angela Patricia"]
[Result "1-0"]
[WhiteElo "1646"]
[BlackElo "1610"]
[PlyCount "99"]
[EventDate "2013.11.03"]
[EventType "swiss"]
[EventRounds "6"]
[EventCountry "COL"]
[SourceTitle "EXT 2014"]
[Source "ChessBase"]
[SourceDate "2013.11.20"]
[SourceVersion "1"]
[SourceVersionDate "2013.11.20"]
[SourceQuality "1"]

1. d4 Nf6 2. Nf3 e6 3. e3 d5 4. Bd3 b6 5. b3 Bb7 6. Bb2 Nbd7 7. 0-0 g6 8. Ne5 Bg7 9. Nd2 0-0 10. Ndf3 Nxe5 11. Nxe5 Nd7 12. f4 f5 13. c4 c5 14. Rc1 Rc8 15. Qe2 Re8 16. Rfd1 Qe7 17. Rc2 Red8 18. Rcd2 Nxe5 19. fxe5 Bh6 20. Rc2 Qg5 21. Re1 Bf8 22. a3 dxc4 23. bxc4 Rc7 24. Qf2 Ba6 25. Qf1 Rcd7 26. Qf2 h5 27. Bf1 h4 28. h3 Qh6 29. g3 Rh7 30. gxh4 Qxh4 31. Qxh4 Rxh4 32. Kh2 g5 33. Kg3 Bb7 34. Rf2 Rd7 35. d5 Kf7 36. Bg2 Rxc4 37. e4 f4+ 38. Kg4 Kg6 39. d6 b5 40. h4 Bh6 41. hxg5 Bxg5 42. Bf1 Rxe4 43. Rxe4 Bxe4 44. Bxb5 Rb7 45. Be8+ Kh6 46. Rh2+ Kg7 47. Kxg5 Kf8 48. d7 Ke7 49. Kxf4 Bf5 50. Rd2 1-0